| Tag |
First Indicator |
Second Indicator |
Subfields |
| LEADER |
00000cam a2200000 a 4500 |
| 001 |
in00000087382 |
| 005 |
20151008062930.0 |
| 008 |
750623s1973 nyua j d 00010 engm |
| 010 |
|
|
|a 72012135
|
| 020 |
|
|
|z 0394830415.
|
| 020 |
|
|
|a 039493041X (lib. bdg. :)
|c $7.95
|
| 035 |
|
|
|a (OCoLC)01407281
|
| 035 |
|
|
|9 AAK1229AM
|
| 040 |
|
|
|a DLC
|c DLC
|d m.c.
|d UtOrBLW
|
| 049 |
|
|
|a TXAM
|c [388502]
|
| 050 |
0 |
0 |
|a PE1629
|b S34
|
| 082 |
0 |
|
|a 423
|
| 100 |
1 |
|
|a Schulz, Charles M.
|q (Charles Monroe),
|d 1922-2000.
|
| 245 |
1 |
4 |
|a The Charlie Brown dictionary /
|c by Charles M. Schulz.
|
| 264 |
|
1 |
|a New York :
|b Random House,
|c [1973]
|
| 264 |
|
4 |
|c ©1973
|
| 300 |
|
|
|a 399 pages :
|b color illustrations ;
|c 29 cm.
|
| 336 |
|
|
|a text
|b txt
|2 rdacontent
|
| 337 |
|
|
|a unmediated
|b n
|2 rdamedia
|
| 338 |
|
|
|a volume
|b nc
|2 rdacarrier
|
| 500 |
|
|
|a Based on The rainbow dictionary by Wendell W. Wright.
|
| 650 |
|
0 |
|a Picture dictionaries, English
|v Juvenile literature.
|
| 700 |
1 |
|
|a Wright, Wendell W.
|q (Wendell William),
|d 1893-
|t Rainbow dictionary.
|
| 999 |
|
|
|a MARS
|
| 999 |
f |
f |
|s ac1a5cbf-4bae-3354-9b66-2a33724dabe4
|i 5a1a6b27-f1ec-30f6-b9f7-7b933a4b10f7
|t 0
|
| 952 |
f |
f |
|p normal
|a Texas A&M University
|b College Station
|c Sterling C. Evans Library
|d Evans: Curriculum Collection (4th floor)
|t 0
|e PE1629 S34
|h Library of Congress classification
|i unmediated -- volume
|m A14805980626
|
| 998 |
f |
f |
|a PE1629 S34
|t 0
|l Evans: Curriculum Collection (4th floor)
|